|
|
|
|
| LEADER |
00000cam a2200000 7i4500 |
| 001 |
0000004383 |
| 005 |
20151106.0 |
| 020 |
|
|
|a 0419118705
|
| 040 |
|
|
|a INS
|
| 090 |
0 |
0 |
|a HF5430.
|b M37 1982
|
| 100 |
1 |
|
|a Martin, Peter G.
|
| 245 |
1 |
0 |
|a Shopping centre management
|c Peter G.Martin
|
| 260 |
|
|
|a London, New York :
|b E& F.N. Spon ,
|c 1982
|
| 300 |
|
|
|a xi, 298p. :
|b ill ;
|c 22 cm.
|
| 650 |
|
0 |
|a Shopping centers
|z Graet Britain
|x Management
|
| 650 |
0 |
0 |
|a Shopping centers
|x Management
|
| 999 |
|
|
|a 0000000103
|b BOOK
|c Open Shelf
|e Default branch
|
| 999 |
|
|
|a 0000022829
|b BOOK
|c Open Shelf
|e Default branch
|